Referencias bibliográficas publicadas e inéditas de La Ciénaga Grande de Santa Marta, Caribe colombiano. (Registro nro. 1636)
[ vista simple ]
| 000 -CABECERA | |
|---|---|
| Campo de control | 01031nam a2200205 i 4500 |
| 005 - FECHA Y HORA DE LA ULTIMA TRANSACCION | |
| Campo de control | 20160130123024.0 |
| 008 - ELEMENTOS DE LONGITUD FIJA—INFORMACION GENERAL | |
| Campo de control | 140303m19961997ck |||||r|||| 00| 0 spa d |
| 040 ## - FUENTE DE CATALOGACIÓN | |
| Agencia catalogadora original | CO-BoIAVH |
| Agencia transcriptora | CO-BoIAVH |
| 041 ## - IDIOMA | |
| Código de idioma para texto/pista de sonido o título separado | Español |
| 044 ## - PAÍS DE PUBLICACIÓN | |
| País de publicación | Colombia |
| 082 04 - NUMERO DE CLASIFICACION DECIMAL DEWEY | |
| Número de clasificación | 577.6809861 |
| Número del ítem | R33r |
| 245 00 - MENCION DE TITULO | |
| Título | Referencias bibliográficas publicadas e inéditas de La Ciénaga Grande de Santa Marta, Caribe colombiano. |
| 260 ## - PUBLICACION, DISTRIBUCION, ETC. (PIE DE IMPRENTA) | |
| Lugar de publicación, distribución, etc. | Santa Marta : |
| Nombre del editor, distribuidor, etc. | INVEMAR, |
| Fecha de publicación, distribución, etc. | 1996. |
| 300 ## - DESCRIPCION FISICA | |
| Extensión | 2 volúmenes ; |
| Dimensiones | 18 cm. |
| 505 ## - NOTA DE CONTENIDO | |
| Nota de contenido | Volumen 1.: Ciencias naturales 1964-1995 / José Ernesto Mancera Pineda, Olga Lucia Baena Parra, Juan Carlos Diez Grisales -- Volumen 2.: Ciencias sociales, ingenieria civil, ciencias naturales 1960-1997 / Recopilación, resumen y catalogación Yolanda Martínez Arce. |
| 650 14 - ASIENTO SECUNDARIO DE MATERIA - TERMINO TEMATICO | |
| Término temático o nombre geográfico como elemento de entrada | Pantanos |
| Subdivisión de forma | Bibliografías. |
| Subdivisión geográfica | Santa Marta (Colombia) |
| 9 (RLIN) | 55724 |
| 650 24 - ASIENTO SECUNDARIO DE MATERIA - TERMINO TEMATICO | |
| Término temático o nombre geográfico como elemento de entrada | Ecología de pantanos |
| Subdivisión de forma | Bibliografías. |
| Subdivisión geográfica | Santa Marta (Colombia) |
| 9 (RLIN) | 55725 |
| 710 2# - ASIENTO SECUNDARIO - NOMBRE CORPORATIVO | |
| Nombre corporativo o de jurisdicción como elemento de entrada | Instituto de Investigaciones Marinas y Costeras "José Benito Vives de Andreis" |
| 9 (RLIN) | 55726 |
| 942 ## - ELEMENTOS ADICIONALES (KOHA) | |
| Tipo de ítem | Libro |
| Sistema de clasificación | Dewey Decimal Classification |
| Withdrawn status | Lost status | Sistema de Clasificación | Damaged status | No para préstamo | Colección | Inventariado | Ubicación Permanente | Ubicación actual | Fecha de adquisición | Fuente de Valor | Valor | Total Checkouts | Número topográfico | Inventario / Código de Barras | Date last seen | Ejemplar | Price effective from | Forma de adquisición | Tipo de material |
|---|---|---|---|---|---|---|---|---|---|---|---|---|---|---|---|---|---|---|---|
| Dewey Decimal Classification | General | Inventariado 2017 | Bogotá | Bogotá | 05/05/2000 | Instituto | 39000.00 | LB-577.6809861 R33r | 002251 | 04/12/2012 | V. 1 Ej. 1 | 04/12/2012 | Libro | ||||||
| Dewey Decimal Classification | General | Inventariado 2017 | Bogotá | Bogotá | 12/12/2002 | Instituto | 39000.00 | LB-577.6809861 R33r | 002252 | 04/12/2012 | V. 2 Ej. 1 | 04/12/2012 | Libro |